000 00279nam a22001217a 4500
040 _cSY
082 _a591
100 _aត្រាន ថាន់កាញ់
245 _aធរណីវិទ្យា
260 _aNA
_bត្រាន
_c1992
300 _a120p.
942 _cKB
999 _c9795
_d9795